[Event "RUS-Cup06"]
[Site "Nizhnij Novgorod"]
[Date "1998.07.06"]
[Round "8"]
[White "Grischuk, Alexander"]
[Black "Shchekachev, Andrei"]
[Result "1/2-1/2"]
[WhiteElo "2395"]
[BlackElo "2565"]

1.e4 c5 2.Nf3 e6 3.d4 cxd4 4.Nxd4 Nf6 5.Nc3 Nc6 6.Ndb5 d6 7.Bf4 e5 8.Bg5 a6
9.Na3 b5 10.Bxf6 gxf6 11.Nd5 f5 12.c3 Bg7 13.exf5 Bxf5 14.Nc2 Be6 15.g3 O-O
16.Bg2 a5 17.O-O f5 18.a3 Kh8 19.Qh5 Rb8 20.Rad1 Ne7 21.Rd2 Ng6 22.Nce3 Qd7
23.f4 Qa7 24.Kh1 b4 25.axb4 axb4 26.cxb4 exf4 27.gxf4 Bd4 28.Nc4 Bxd5 29.Bxd5 Rxb4
30.Qd1 Be3 31.Nxe3 Qxe3 32.Rd3 Qe7 33.Qd2 Rxf4 34.Re1  1/2-1/2

[Event "Chigorin mem"]
[Site "St Petersburg"]
[Date "1999.11.03"]
[Round "2"]
[White "Kiik, Kalle"]
[Black "Grischuk, Alexander"]
[Result "1/2-1/2"]
[WhiteElo "2438"]
[BlackElo "2549"]

1.e4 e5 2.Nf3 Nc6 3.Nc3 Nf6 4.d4 exd4 5.Nxd4 Bb4 6.Nxc6 bxc6 7.Bd3 d5 8.exd5 cxd5
9.O-O O-O 10.Bg5 c6 11.Qf3 h6 12.Bxf6 Qxf6 13.Qxf6 gxf6 14.Ne2 Rb8 15.Rad1 Re8
16.c3 Bf8 17.b3 Re5 18.Rfe1 Ba3 19.h3 Bd7 20.f4 Ree8 21.Kf2 Kf8 22.Ng3 Bb2
23.Rxe8+ Rxe8 24.Ne2 a5 25.Rb1 Ba3 26.Nd4 Bd6 27.Bf5 Bxf5 28.Nxf5 Bxf4 29.Kf3 Re4
30.g3 Bd2 31.c4 Re5  1/2-1/2

[Event "Chigorin mem"]
[Site "St Petersburg"]
[Date "1999.11.09"]
[Round "8"]
[White "Grischuk, Alexander"]
[Black "Najer, Evgeniy"]
[Result "1-0"]
[WhiteElo "2549"]
[BlackElo "2562"]

1.e4 e6 2.d4 d5 3.e5 c5 4.c3 Nc6 5.Nf3 Nh6 6.a3 Nf5 7.b4 cxd4 8.cxd4 Be7
9.Bb2 O-O 10.Bd3 a6 11.O-O f6 12.Bxf5 exf5 13.Nc3 f4 14.Re1 Kh8 15.Qb3 Be6
16.Re2 f5 17.Rc2 Rc8 18.Na4 b6 19.Rac1 Nb8 20.Rxc8 Bxc8 21.b5 a5 22.Nc3 Be6
23.a4 g5 24.Ba3 Rg8 25.Ne2 h6 26.Rc3 Qf8 27.h4 Rg7 28.hxg5 hxg5 29.Nxg5 Rxg5
30.Nxf4 Bg8 31.Rc7  1-0

[Event "Eu Team Ch"]
[Site "Batumi GEO"]
[Date "1999.12.07"]
[Round "9"]
[White "Grischuk,A"]
[Black "Markowski,T"]
[Result "1-0"]
[WhiteElo "2549"]
[BlackElo "2557"]

1.e4 c5 2.Nf3 g6 3.d4 Bg7 4.d5 Nf6 5.Nc3 d6 6.Bc4 O-O 7.O-O Bg4 8.h3 Bxf3
9.Qxf3 Nbd7 10.Qd1 Ne8 11.Re1 Nc7 12.a4 f5 13.exf5 Rxf5 14.Ne4 Nb6 15.Bd3 c4
16.Bf1 Rxd5 17.Qg4 Ra5 18.Ng5 Qc8 19.Rxe7 Qxg4 20.hxg4 Rc8 21.Bd2 Rc5 22.Ne4 Rc6
23.Bc3 Bxc3 24.Nxc3 Re8 25.Rxe8+ Nxe8 26.a5 Nd7 27.Ra4 Ne5 28.g5 d5 29.f4  1-0

[Event "ch-RUS KO"]
[Site "Moscow RUS"]
[Date "1999.12.16"]
[Round "1.2"]
[White "Grischuk,A"]
[Black "Solovjov,S"]
[Result "1-0"]
[WhiteElo "2549"]
[BlackElo "2467"]

1.e4 c5 2.Nf3 d6 3.d4 cxd4 4.Nxd4 Nf6 5.Nc3 g6 6.Be3 Bg7 7.f3 O-O 8.Qd2 Nc6
9.O-O-O Bd7 10.g4 Ne5 11.h4 Qa5 12.Kb1 Rfc8 13.Be2 Nc4 14.Bxc4 Rxc4 15.h5 Rac8
16.Nb3 Qe5 17.Bd4 Rxd4 18.Qxd4 Qf4 19.h6 Bh8 20.Qxa7 Be6 21.Rhf1 Bc4 22.Qxb7 Rf8
23.Rfe1 Bxb3 24.axb3 Qxf3 25.g5  1-0

[Event "ch-RUS KO"]
[Site "Moscow RUS"]
[Date "1999.12.18"]
[Round "2.2"]
[White "Lunev,A"]
[Black "Grischuk,A"]
[Result "1/2-1/2"]
[WhiteElo "2467"]
[BlackElo "2549"]

1.d4 d5 2.Nf3 e6 3.c4 c6 4.Qc2 Nf6 5.g3 dxc4 6.Qxc4 b5 7.Qb3 Bb7 8.Bg2 Nbd7
9.O-O a6 10.a4 c5 11.axb5 Bd5 12.Qd3 Be4 13.Qb3 Bd5 14.Qd1 axb5 15.Rxa8 Qxa8
16.Nc3 Bc6 17.Ne1 b4 18.Nb5 Qb7 19.Bxc6 Qxc6 20.Qa4 Be7 21.dxc5 O-O 22.Nc3 Qxc5
23.Nd3 Qb6 24.Na2 b3 25.Be3 Qb7 26.Nc3 Rc8 27.Rc1 h5 28.Bd4 h4 29.Qb5 Qa8
30.Qxb3 h3 31.f3 e5 32.Bf2 e4 33.Nf4 exf3 34.Nxh3 fxe2 35.Nxe2 Rb8 36.Qe3 Bf8
37.Rc2 Re8 38.Qf4 Ne5 39.Nd4 Nd3 40.Qf3 Qa1+ 41.Kg2 Nxf2 42.Nxf2 Qa4 43.Rd2 Qb4
44.Nb3 Qb6 45.Nc1 Re3 46.Qa8 Re8 47.Qf3 Re3 48.Qa8 Re8 49.Qa4 Qb7+ 50.Kf1 Bb4
51.Re2 Rd8 52.Qb3 Ng4 53.Ncd3  1/2-1/2

[Event "ch-RUS KO"]
[Site "Moscow RUS"]
[Date "1999.12.21"]
[Round "4.1"]
[White "Bezgodov,A"]
[Black "Grischuk,A"]
[Result "1-0"]
[WhiteElo "2576"]
[BlackElo "2549"]

1.d4 d5 2.c4 e6 3.Nf3 c6 4.Nbd2 f5 5.g3 Nf6 6.Bg2 Bd6 7.O-O O-O 8.b3 b6 9.Ne5 Bb7
10.Ndf3 Ne4 11.Nd3 Nd7 12.Bf4 Be7 13.Nfe5 Ndf6 14.Rc1 Rc8 15.f3 Nd6 16.c5 Nf7
17.b4 Nxe5 18.Nxe5 Ba6 19.Re1 Nh5 20.Bd2 Bf6 21.e3 g5 22.cxb6 Bxe5 23.b7 Bxb7
24.dxe5 Ng7 25.Bc3 h5 26.h3 Ba6 27.Bd4 Rf7 28.Qd2 Kh8 29.Rc2 Qd7 30.Rec1 Bb5
31.Rc5 Rg8 32.R5c2 g4 33.hxg4 hxg4 34.fxg4 fxg4 35.e4 Nh5 36.exd5 Nxg3 37.Qh6+ Rh7
38.Qf6+ Rgg7 39.Qf8+ Rg8 40.Qf6+ Rgg7 41.a4 Bxa4 42.Qf8+ Rg8 43.Qf6+ Rgg7
44.Ra2 cxd5 45.Bxd5 Bb3 46.Qf8+ Rg8 47.Qf6+ Rgg7 48.Rxa7 Bxd5 49.Rxd7 Rh1+
50.Kf2 Ne4+ 51.Ke2 Rh2+ 52.Kd3 Rh3+ 53.Kc2 Rh2+ 54.Kb1 Nd2+ 55.Kb2 Ne4+ 56.Rc2  1-0

[Event "V Ubeda Open"]
[Site "Ubeda ESP"]
[Date "2000.01.21"]
[Round "3"]
[White "Lobzhanidze,D"]
[Black "Grischuk,A"]
[Result "1/2-1/2"]
[WhiteElo "2448"]
[BlackElo "2581"]

1.e4 e5 2.Bc4 Nf6 3.d3 Nc6 4.Nf3 Bc5 5.O-O d6 6.c3 O-O 7.Bb3 a6 8.h3 Ba7
9.Re1 Ne7 10.Nbd2 Ng6 11.Nf1 b5 12.Ng3 Bb7 13.Nh2 d5 14.Ng4 Nxg4 15.Qxg4 c5
16.Bxd5 Bxd5 17.exd5 Qxd5 18.Nf5 c4 19.Be3 Bxe3 20.Nxe3 Qxd3 21.Rad1 f5 22.Qg5 Qe4
23.Nd5 Qh4 24.Qxh4 Nxh4 25.Rxe5  1/2-1/2

[Event "V Ubeda Open"]
[Site "Ubeda ESP"]
[Date "2000.01.24"]
[Round "6"]
[White "Grischuk,A"]
[Black "Sorokin,M"]
[Result "1/2-1/2"]
[WhiteElo "2581"]
[BlackElo "2572"]

1.e4 c5 2.Nf3 e6 3.d4 cxd4 4.Nxd4 a6 5.c4 Nf6 6.Nc3 Bb4 7.Bd3 Nc6 8.Ne2 Ne5
9.O-O O-O 10.h3 d6 11.Bf4 Ng6 12.Bh2 Qe7 13.Kh1 Rd8 14.a3 Bc5 15.b4 Ba7 16.f4 Bd7
17.e5 Ne8 18.Bxg6 hxg6 19.f5 dxe5 20.fxg6 fxg6 21.Qc2 Nd6 22.Qxg6 Nxc4 23.Ne4 Be8
24.Qg3 Be3 25.Nf6+ Kh8 26.Qh4+ Bh6 27.Qxc4 gxf6 28.Qh4 Qh7 29.Qxf6+ Bg7 30.Qe7 Bc6
31.Ng1 Rd2 32.Nf3 Qg6 33.Qh4+ Kg8 34.Bg3 Bf6 35.Qg4 Qxg4 36.hxg4 Rc2 37.Rae1 Rf8
38.Bxe5 Bxe5 39.Rxe5 Rf4 40.Rg5+ Kf8 41.Kg1 Rc3 42.Nd4 Rxf1+ 43.Kxf1 Bd5
44.Ne2 Rxa3 45.Nf4 Rb3 46.Nxd5 exd5 47.Rxd5 Rxb4 48.g5 Rb2 49.g4 Kf7 50.Ke1 Ke6
51.g6 Rc2 52.g7 Rc8 53.Rc5 Re8 54.Kd2  1/2-1/2

[Event "North Sea Cup"]
[Site "Esbjerg DEN"]
[Date "2000.07.14"]
[Round "8"]
[White "Hansen,Cu"]
[Black "Grischuk,A"]
[Result "1/2-1/2"]
[WhiteElo "2613"]
[BlackElo "2606"]

1.d4 d5 2.c4 e6 3.Nf3 c6 4.Qc2 Nf6 5.Bg5 Nbd7 6.cxd5 cxd5 7.a3 b6 8.e3 Bb7
9.Nc3 a6 10.Bd3 Be7 11.O-O O-O 12.a4 h6 13.Bh4 Nb8 14.Ne5 Nfd7 15.Bxe7 Qxe7
16.f4 Nc6 17.Nxc6 Bxc6 18.Qb3 Rfc8 19.Rac1 Bb7 20.Nb1 Qd8 21.Nd2 a5 22.Nf3  1/2-1/2

[Event "IV Russian Cup Final"]
[Site "Elista RUS"]
[Date "2000.08.25"]
[Round "6"]
[White "Grischuk,A"]
[Black "Balashov,Y"]
[Result "1-0"]
[WhiteElo "2606"]
[BlackElo "2575"]

1.e4 e5 2.Nf3 Nc6 3.Bb5 a6 4.Ba4 Nf6 5.O-O Bc5 6.c3 Ba7 7.d4 O-O 8.Bg5 Ne7
9.Bxf6 gxf6 10.dxe5 Ng6 11.exf6 Qxf6 12.Nd4 d5 13.exd5 Rd8 14.Bb3 c5 15.dxc6 Bxd4
16.cxd4 Rxd4 17.Nd2 Nf4 18.Qf3 Rxd2 19.cxb7 Bxb7 20.Qe4 Bd5 21.Qxd5 Rd8 22.Qb7 Kg7
23.Rae1 Rf8 24.Re3 Ne2+ 25.Kh1 Nd4 26.Rg3+ Kh8 27.Qb4  1-0

[Event "IV Russian Cup Final"]
[Site "Elista RUS"]
[Date "2000.08.27"]
[Round "8"]
[White "Grischuk,A"]
[Black "Kruppa,Y"]
[Result "1/2-1/2"]
[WhiteElo "2606"]
[BlackElo "2582"]

1.e4 e6 2.d4 d5 3.e5 c5 4.c3 Nc6 5.Nf3 Qb6 6.a3 Nh6 7.b4 cxd4 8.cxd4 Nf5
9.Bb2 Bd7 10.g4 Nfe7 11.Nc3 Na5 12.Nd2 Rc8 13.Rc1 Ng6 14.h4 Be7 15.h5 Nf4
16.Qf3 Bg5 17.Ne2 Rxc1+ 18.Nxc1 O-O 19.h6 g6 20.Nd3 Nxd3+ 21.Bxd3 Nc6 22.Qg3 Nxd4
23.f4 Be7 24.Qf2 Nc6 25.Qxb6 axb6 26.g5 Na7 27.Ke2 Rc8 28.Rc1 Rxc1  1/2-1/2

[Event "IV Russian Cup Final"]
[Site "Elista RUS"]
[Date "2000.08.30"]
[Round "11"]
[White "Utnasunov,A"]
[Black "Grischuk,A"]
[Result "1-0"]
[WhiteElo "2257"]
[BlackElo "2606"]

1.d4 Nf6 2.c4 g6 3.Nc3 Bg7 4.e4 d6 5.f3 O-O 6.Be3 e5 7.d5 c6 8.Bd3 b5 9.b4 a5
10.a3 axb4 11.axb4 Rxa1 12.Qxa1 bxc4 13.Bxc4 cxd5 14.Nxd5 Nxd5 15.Bxd5 Bh6
16.Bxh6 Qh4+ 17.g3 Qxh6 18.Qc3 Nd7 19.Ne2 Nf6 20.Qd2 Qxd2+ 21.Kxd2 Nxd5 22.exd5 Bb7
23.Nc3 Ra8 24.Re1 Kf8 25.Re4 Ke7 26.Rc4 Kd7 27.b5 f5 28.Rh4 h5 29.g4 Rh8
30.gxf5 gxf5 31.f4 Kc7 32.Kd3 Kb6 33.Kc4 Ka5 34.fxe5 dxe5 35.d6 Rc8+ 36.Kb3 Bf3
37.Ra4+ Kb6 38.Kb4 f4 39.Ra6+ Kb7 40.Na4 Rd8 41.Nc5+ Kb8 42.Ne6 Rd7 43.Nc5 Rd8
44.d7 Bg4 45.b6 Rxd7 46.Nxd7+ Bxd7 47.Ra7 Bc6 48.Re7 Bg2 49.Rxe5 f3 50.Rf5 h4
51.Rf7 h3 52.Kb5  1-0

[Event "34th Olympiad"]
[Site "Istanbul TUR"]
[Date "2000.10.29"]
[Round "2"]
[White "Grischuk,A"]
[Black "Belotti,B"]
[Result "1/2-1/2"]
[WhiteElo "2606"]
[BlackElo "2417"]

1.e4 e5 2.Nf3 Nc6 3.Bb5 Nf6 4.O-O Nxe4 5.d4 Nd6 6.Bg5 Qe7 7.Bxc6 dxc6 8.dxe5 Nf5
9.Nc3 h6 10.Ne4 c5 11.c3 Be6 12.Re1 b6 13.h4 Rd8 14.h5 Qd7 15.Kh2 Qxd1 16.c4 Qxe1  1/2-1/2

[Event "34th Olympiad"]
[Site "Istanbul TUR"]
[Date "2000.11.02"]
[Round "6"]
[White "Luther,T"]
[Black "Grischuk,A"]
[Result "1/2-1/2"]
[WhiteElo "2547"]
[BlackElo "2606"]

1.e4 e5 2.Nf3 Nc6 3.Bb5 a6 4.Ba4 Nf6 5.O-O Be7 6.Re1 b5 7.Bb3 d6 8.c3 O-O
9.h3 Na5 10.Bc2 c5 11.d4 Bb7 12.d5 Nc4 13.b3 Nb6 14.a4 Bc8 15.Nbd2 g6 16.Nf1 Nh5
17.Bd3 Bd7 18.Bh6 Re8 19.axb5 axb5 20.Qe2 Rxa1 21.Rxa1 Bf8 22.Bg5 Nf4 23.Bxf4 exf4
24.Bxb5 Nxd5 25.Bxd7 Qxd7 26.Qd3 Nf6 27.N1d2 Qb7 28.Re1 Nd7 29.Rf1  1/2-1/2

[Event "It"]
[Site "Enghien-les-Bains FRA"]
[Date "2001.04.12"]
[Round "2"]
[White "Grischuk,A"]
[Black "Fressinet,L"]
[Result "1/2-1/2"]
[WhiteElo "2668"]
[BlackElo "2575"]

1.e4 e5 2.Nf3 d6 3.d4 exd4 4.Nxd4 Nf6 5.Nc3 Be7 6.g3 d5 7.e5 Ng4 8.Nf3 Nc6
9.Qxd5 Bf5 10.Bc4 Qxd5 11.Nxd5 Ngxe5 12.Nxe5 Nxe5 13.Nxe7 Kxe7  1/2-1/2

[Event "Aeroflot Open"]
[Site "Moscow RUS"]
[Date "2002.02.09"]
[Round "7"]
[White "Grischuk,A"]
[Black "Sargissian,G"]
[Result "1-0"]
[WhiteElo "2671"]
[BlackElo "2515"]

1.e4 c6 2.d4 d5 3.e5 Bf5 4.Nc3 Qb6 5.Nf3 e6 6.Be2 Nd7 7.O-O Ne7 8.b3 Bg4
9.Na4 Qc7 10.c4 Rd8 11.Nh4 Bxe2 12.Qxe2 Nb6 13.Nxb6 Qxb6 14.Be3 Ng6 15.Nf3 Ne7
16.c5 Qa6 17.Qxa6 bxa6 18.b4 Nf5 19.Rfb1 Nxe3 20.fxe3 Rb8 21.Rb3 g5 22.Nxg5 Bh6
23.Nf3 a5 24.Rab1 Kd7 25.bxa5 Kc7 26.Kf2 Rxb3 27.Rxb3 Rb8 28.Rxb8 Kxb8 29.a6 Kc7
30.g4 Kd7 31.g5 Bf8 32.Kg3 h6 33.Kg4 Ke8 34.h4 hxg5 35.h5 Bh6 36.Nd2 Kd7
37.Nb3 Kd8 38.Na5 Kc7 39.Nb7 Kd7 40.Nd6 Ke7 41.Nc8+ Kd7 42.Nxa7 Kc7 43.a4  1-0

[Event "FIDE GP"]
[Site "Dubai UAE"]
[Date "2002.04.07"]
[Round "4.2"]
[White "Shirov,A"]
[Black "Grischuk,A"]
[Result "0-1"]
[WhiteElo "2715"]
[BlackElo "2671"]

1.e4 c6 2.d4 d5 3.e5 Bf5 4.Nc3 e6 5.g4 Bg6 6.Nge2 c5 7.Be3 cxd4 8.Nxd4 Bb4
9.Qd2 Nd7 10.a3 Qa5 11.Bb5 Bxc3 12.Bxd7+ Kxd7 13.bxc3 Rc8 14.O-O Qxc3 15.Rfb1 b6
16.Qxc3 Rxc3 17.a4 Ne7 18.a5 Nc8 19.axb6 axb6 20.Ra8 f6 21.Rb8 Re8 22.Nb5 Rxc2
23.Rb7+ Kd8 24.Ra1 Re7 25.Rb8 Kd7 26.Rb7+ Ke8 27.Rb8 fxe5 28.Bg5 Rf7 29.Raa8 Kd7
30.Rb7+ Kc6 31.Rxf7 Kxb5 32.Rxg7 Nd6 33.h4 Ne4 34.Bd8 Nxf2 35.Rxg6 hxg6 36.h5 Nh3+
37.Kh1 Nf2+ 38.Kg1 Nh3+ 39.Kh1 gxh5 40.gxh5 Nf4 41.h6 Rc3 42.Ra2 Rc1+ 43.Kh2 Rc3
44.Kh1 d4 45.h7 Ng6 46.Bf6 Rh3+ 47.Rh2 Rxh2+ 48.Kxh2 d3 49.Bg5 Kc4 50.Kg3 b5
51.Kg4 b4 52.Kh5 Nh8 53.Kh6 b3 54.Kg7 b2 55.Kxh8 b1=Q 56.Kg7 Qb7+ 57.Kg6 Qxh7+
58.Kxh7 Kc3  0-1

[Event "National I"]
[Site "Clermont-Ferrand FRA"]
[Date "2003.05.09"]
[Round "9"]
[White "Grischuk,A"]
[Black "Pert,N"]
[Result "1-0"]
[WhiteElo "2701"]
[BlackElo "2484"]

1.e4 e6 2.d4 d5 3.e5 c5 4.c3 Nc6 5.Nf3 Nge7 6.Na3 cxd4 7.cxd4 Nf5 8.Nc2 Nb4
9.Be2 Nxc2+ 10.Qxc2 Qa5+ 11.Bd2 Bb4 12.a3 Bxd2+ 13.Qxd2 Qxd2+ 14.Kxd2 Bd7
15.b4 O-O 16.b5 f6 17.Rhc1 Rfc8 18.Bd3 Ne7 19.a4 Rxc1 20.Rxc1 Rc8 21.Ra1 h6
22.h4 Rf8 23.g4 Kf7 24.g5 fxg5 25.hxg5 Ke8 26.Ke3 hxg5 27.Nxg5 Nf5+ 28.Bxf5 Rxf5
29.Nh3 Rh5 30.Nf4 Rh7 31.Rg1 Ke7 32.Nd3 b6 33.Nf4 Ke8 34.Kf3 Ke7 35.Kg4 Rh6
36.Rc1 Kd8 37.Nh3 Be8 38.Ng5 Bh5+ 39.Kg3 Be8 40.f4 Rg6 41.Rh1 Kc7 42.Rh8 Bd7
43.Kg4 Rh6 44.Ra8 Kb7 45.Rg8 Rg6 46.Rf8 a5 47.Rh8 Rh6 48.Rxh6 gxh6 49.Nf7 Kc7
50.Nd6  1-0

[Event "TCh-RUS"]
[Site "Dagomys RUS"]
[Date "2004.04.26"]
[Round "7"]
[White "Gelfand,B"]
[Black "Grischuk,A"]
[Result "1-0"]
[WhiteElo "2714"]
[BlackElo "2719"]

1.d4 d5 2.c4 e6 3.Nc3 c5 4.cxd5 exd5 5.Nf3 Nc6 6.g3 Nf6 7.Bg2 Be7 8.O-O O-O
9.Bg5 c4 10.Ne5 Be6 11.b3 Qa5 12.Qd2 Rad8 13.bxc4 Bb4 14.Nxc6 bxc6 15.Rfc1 dxc4
16.Bxf6 gxf6 17.e3 c5 18.d5 Bxc3 19.Rxc3 Bxd5 20.Bxd5 Rxd5 21.Qc2 Rc8 22.Rxc4 Qd2
23.Rc1 Qxc2 24.R1xc2 Rc6 25.Kg2 Ra6 26.a4 h6 27.Kf3 Kf8 28.Ke2 Ra5 29.Rb2 Rd6
30.Rb8+ Ke7 31.Rh4 Rb6 32.Rc8 Kd7 33.Rh8 Rb4 34.R4xh6 Rb6 35.R6h7 Rxa4 36.Rxf7+ Kc6
37.Rxf6+ Kb5 38.Rxb6+ axb6 39.h4 Ra2+ 40.Kf3 c4 41.h5 Ra7 42.Rc8 Rf7+ 43.Ke2 Kb4
44.g4 Rh7 45.f4 Kb5 46.h6 Ra7 47.Rh8 Rh7 48.Rb8  1-0

[Event "Russian Blitz Internet Cup Superfinal"]
[Site "chessassistantclub.com INT"]
[Date "2004.12.28"]
[Round "7"]
[White "Van Wely,L"]
[Black "Grischuk,A"]
[Result "1-0"]
[WhiteElo "2681"]
[BlackElo "2704"]

1.Nf3 Nf6 2.c4 b6 3.Nc3 Bb7 4.g3 c5 5.Bg2 g6 6.O-O Bg7 7.d4 cxd4 8.Qxd4 d6
9.Rd1 Nbd7 10.Be3 a6 11.Rac1 Rc8 12.b3 O-O 13.Qh4 Rc7 14.Bh3 Qb8 15.g4 e6
16.g5 Nh5 17.Bg4 b5 18.Bxh5 gxh5 19.Qxh5 bxc4 20.b4 Bxf3 21.exf3 Qxb4 22.Bf4 Rc6
23.Ne4 d5 24.Nf6+ Nxf6 25.gxf6 Bxf6 26.Kh1 Kh8 27.Rg1 Qe7 28.Bh6 Rcc8 29.Rg3 Rg8
30.Rh3 Qd8 31.Bf8 Bh4 32.Rxh4 Qxh4 33.Qxh4 Rcxf8 34.Qf6+ Rg7 35.Rg1 Rg8 36.h4 h5
37.Rg5  1-0

[Event "Ordix Open"]
[Site "Mainz GER"]
[Date "2005.08.13"]
[Round "1"]
[White "Mueller,Je"]
[Black "Grischuk,A"]
[Result "0-1"]
[WhiteElo "2136"]
[BlackElo "2720"]

1.d4 Nf6 2.c4 e6 3.Nf3 d5 4.g3 Bb4+ 5.Bd2 a5 6.Bg2 dxc4 7.a3 Be7 8.Qa4+ Bd7
9.Qxc4 Bc6 10.O-O O-O 11.Bf4 Nd5 12.Nc3 Nxf4 13.gxf4 Nd7 14.e4 Nf6 15.Qe2 b5
16.Ne5 Bb7 17.Nxb5 c6 18.Nc3 Qxd4 19.Rfd1 Qa7 20.Qc4 Bc5 21.Rd2 a4 22.Nxa4 Bxf2+
23.Rxf2 Qxa4 24.Rd2 c5 25.Qxa4 Rxa4 26.b3 Ra6 27.Nd7 Nxd7 28.Rxd7 Rb6 29.Rb1 g6
30.b4 Ra8 31.Rc7 Rxa3 32.Rxc5 Ra4 33.Rc4 Ra2 34.Rd4 Kg7 35.b5 Rc2 36.Rdb4 h6
37.h4 Kf8 38.R1b2 Rc1+ 39.Kf2 Ke7 40.e5 Bxg2 41.Kxg2 Rc5 42.Kf3 h5 43.Ke4 Rd5
44.R4b3 Ke8 45.Rb4 Kf8 46.R4b3 Ke7 47.Rb4 f6 48.exf6+ Kxf6 49.R4b3 Ke7 50.Rb4 Kf7
51.R4b3 Kf6 52.Rb4 Rf5 53.R4b3 Rd5 54.Rb4 Rc5 55.R2b3 e5 56.Rf3 exf4 57.Rxf4+ Ke6
58.Ke3 Rbxb5 59.Rbe4+ Re5 60.Kd4 Rb4+ 61.Kd3 Rb3+ 62.Kd4 Rb5 63.Kd3 Rxe4
64.Kxe4 Rb3 65.Kd4 Rh3 66.Ke4 Rg3 67.Kd4 Ra3 68.Ke4 Ra1 69.Kd4 Rb1 70.Ke4 Rd1
71.Rf3 Re1+ 72.Kd4 Ra1 73.Rf4 Ra5 74.Ke4 Rf5 75.Ke3 Ke5 76.Re4+ Kd5 77.Rd4+ Ke6
78.Re4+ Kf6 79.Rf4 Kf7 80.Ke4 Ke6 81.Ke3 Rb5 82.Ke4 Rf5 83.Ke3 Kf7 84.Ke4 Kf6
85.Ke3 Kg7 86.Ke4 Ra5 87.Kd4 Ra1 88.Ke4 Re1+ 89.Kd4 Re6 90.Re4 Ra6 91.Ke5 Ra1
92.Rf4 Re1+ 93.Kd4 g5 94.hxg5 Kg6 95.Re4 Rf1 96.Ke3 Kxg5 97.Ke2 Rf8 98.Re5+ Kg4
99.Re4+ Kg3 100.Re7 Rf2+ 101.Ke3 Rf4 102.Rg7+ Rg4 103.Rf7 h4 104.Rf3+ Kg2
105.Rf2+ Kg1 106.Ra2 Rg3+ 107.Kf4 Rg2 108.Ra1+ Kh2 109.Kf3 h3 110.Rf1 Rg8
111.Rf2+ Kg1 112.Ra2 Rg2 113.Ra1+ Kh2 114.Rf1 Rg3+ 115.Kf2 Rg8 116.Ra1 Rf8+
117.Ke3 Kg2 118.Ra2+ Kg3 119.Ra7 Re8+ 120.Kd2 Rg8 121.Ra3+ Kg2 122.Re3 h2
123.Re2+ Kh3 124.Re1 Rg1 125.Re3+ Kg4 126.Re4+ Kf5 127.Rh4 h1=Q  0-1

[Event "FIDE GP"]
[Site "Baku AZE"]
[Date "2008.04.29"]
[Round "8"]
[White "Svidler,P"]
[Black "Grischuk,A"]
[Result "1/2-1/2"]
[WhiteElo "2746"]
[BlackElo "2716"]

1.e4 e5 2.Nf3 Nc6 3.Bb5 a6 4.Ba4 d6 5.O-O Bg4 6.h3 h5 7.c3 Qf6 8.d3 Bxf3
9.Qxf3 Qxf3 10.gxf3 Ne7 11.f4 exf4 12.Bxf4 O-O-O 13.Nd2 g5 14.Be3 Bh6 15.f4 g4
16.hxg4 hxg4 17.Kg2 d5 18.Rh1 d4 19.cxd4 Nxd4 20.Rh5 Ne6 21.Rah1 Rxd3 22.Rxh6 Rxh6
23.Rxh6 Rxe3 24.Rh8+ Nd8 25.Bd1 Rd3 26.Bxg4+ Kb8 27.Nf3 Ng6 28.Re8 Nxf4+
29.Kf2 Ka7 30.Ne5 Rd6 31.Ke3 Ng2+ 32.Kf3 Ne1+ 33.Ke2 Nc2 34.Rf8 Nd4+ 35.Ke3 Nc2+
36.Ke2 Nd4+ 37.Ke3 Nc2+  1/2-1/2

[Event "38th Olympiad"]
[Site "Dresden GER"]
[Date "2008.11.22"]
[Round "9"]
[White "Grischuk,A"]
[Black "Eljanov,P"]
[Result "1/2-1/2"]
[WhiteElo "2719"]
[BlackElo "2720"]

1.e4 e5 2.Nf3 Nc6 3.Bb5 Nf6 4.O-O Nxe4 5.d4 Nd6 6.Bxc6 dxc6 7.dxe5 Nf5 8.Qxd8+ Kxd8
9.Nc3 Ne7 10.h3 Ng6 11.Ne4 h6 12.b3 a5 13.Bb2 Nf4 14.Rad1+ Ke8 15.Nd4 a4
16.c4 Be7 17.Kh2 h5 18.Rfe1 Bb4 19.Re3 axb3 20.axb3 Ra2 21.Bc3 Bxc3 22.Nxc3 Ra8
23.Ne4 h4 24.Nc5 Rh5 25.b4 Rg5 26.Rf3 Ne6 27.Ncxe6 Bxe6 28.Nxe6 fxe6 29.Rd4 Rxe5
30.Rxh4 Ra4 31.Rh8+ Ke7 32.Rc8 Kd7 33.Rg8 Rxb4 34.Rd3+ Ke7 35.Rxg7+ Kf6 36.Rxc7 Rc5
37.Rf3+ Ke5 38.Rff7 b6 39.g4 Rcxc4 40.g5 Rh4 41.Rxc6 Rh5 42.Rf6 Rxg5 43.Rcxe6+ Kd5
44.Rxb6 Rxb6 45.Rxb6 Rg8 46.Rb4 Ke5 47.Rg4 Ra8 48.Kg3 Kf6 49.h4 Ra5 50.Rg8 Ra1
51.Kg2 Ra4 52.Kh3 Ra1 53.Rg4 Ra2 54.h5 Ra1 55.Rg2 Rh1+ 56.Rh2 Ra1 57.h6 Kg6
58.Kg4 Kh7 59.f4 Ra6 60.Rh1 Rb6 61.Kg5 Rg6+ 62.Kf5 Ra6 63.Rh5 Rb6 64.Ke4 Rb4+
65.Kf3 Rb3+ 66.Kg4 Rb6 67.Rh4 Rb5 68.Rh1 Rb6 69.Kg5 Rg6+ 70.Kf5 Ra6 71.Rh4 Rb6
72.Ke5 Rb5+ 73.Ke6 Rb6+ 74.Kd5 Rb5+ 75.Kc6 Ra5 76.Kd6 Ra6+ 77.Ke5 Ra5+ 78.Ke4 Ra4+
79.Kf3 Ra3+ 80.Kg4 Ra6 81.Rh5 Rg6+ 82.Kf3 Ra6 83.Ke4 Ra4+ 84.Ke3 Ra3+ 85.Kd2 Ra4
86.f5 Ra6 87.Kd3 Rxh6 88.Rxh6+ Kxh6 89.Kd4 Kg7 90.Ke5 Kf7 91.f6 Kf8 92.Ke4  1/2-1/2

[Event "39th Olympiad Men"]
[Site "Khanty-Mansiysk RUS"]
[Date "2010.09.25"]
[Round "5"]
[White "Leko,P"]
[Black "Grischuk,A"]
[Result "1-0"]
[WhiteElo "2724"]
[BlackElo "2760"]

1.d4 Nf6 2.c4 e6 3.Nf3 d5 4.g3 dxc4 5.Bg2 Nc6 6.Qa4 Bb4+ 7.Bd2 Nd5 8.Bxb4 Nxb4
9.Nc3 Bd7 10.O-O a5 11.Qd1 O-O 12.Nd2 Nxd4 13.Bxb7 Rb8 14.Bg2 Bc8 15.Nxc4 c5
16.e3 Ba6 17.b3 Nf5 18.Qe2 Qc7 19.Rfd1 Rfd8 20.Rxd8+ Rxd8 21.Rd1 Rxd1+ 22.Qxd1 Bxc4
23.bxc4 Qd6 24.Qa4 h6 25.a3 Nd3 26.Nb5 Qd8 27.Qd1 Qd7 28.g4 Ne7 29.f4 Ne5
30.Qxd7 Nxd7 31.Nd6 Nb6 32.Bb7 Kf8 33.Kf2 f5 34.h3 g5 35.Ba6 gxf4 36.exf4 fxg4
37.hxg4 Nc6 38.Nb7 e5 39.Bb5 Nd4 40.fxe5 Ke7 41.Nxc5 Nc2 42.a4 Na3 43.Ke3 Nbxc4+
44.Kd4 Nxb5+ 45.Kxc4 Nc7 46.Nd3 Ke6 47.Kd4 Ke7 48.Kc5 Kd7 49.Nf4 Na6+ 50.Kb6 Nb8
51.e6+ Kd6 52.Kxa5 Kc5 53.Ng6  1-0

[Event "73rd Tata Steel GMA"]
[Site "Wijk aan Zee NED"]
[Date "2011.01.22"]
[Round "7"]
[White "Grischuk,A"]
[Black "Aronian,L"]
[Result "0-1"]
[WhiteElo "2773"]
[BlackElo "2805"]

1.e4 e5 2.Nf3 Nc6 3.Bb5 a6 4.Ba4 Nf6 5.O-O Be7 6.Bxc6 dxc6 7.Nc3 Nd7 8.d4 exd4
9.Nxd4 O-O 10.Qe2 Bd6 11.Be3 Nf6 12.f4 Ng4 13.Rad1 Nxe3 14.Qxe3 f6 15.Nce2 Qe7
16.Kh1 Re8 17.Ng3 Qf7 18.b3 Bg4 19.Rde1 Bd7 20.Nf3 Rad8 21.e5 fxe5 22.fxe5 Qg6
23.Qa7 Bb4 24.Rd1 Bc8 25.Qf2 Rxd1 26.Rxd1 Rf8 27.Qe2 Be7 28.Rf1 h6 29.Nd4 c5
30.Rxf8+ Bxf8 31.Nf3 Be6 32.Nf1 b5 33.c4 bxc4 34.bxc4 Qb1 35.h3 Qc1 36.Nd2 Be7
37.Kh2 Bg5 38.g3 Qc2 39.a3 Qf5 40.g4 Bf4+ 41.Kg2 Qxe5 42.Qxe5 Bxe5 43.Ne3 Bb2
44.Nb1 Kf7 45.Kf3 Kf6 46.Ke4 Kg5 47.Nd5 Bxd5+ 48.cxd5 Kh4 49.Nd2 Bxa3  0-1

[Event "Tal Memorial Blitz 2014"]
[Site "Sochi RUS"]
[Date "2014.11.13"]
[Round "9.4"]
[White "Grischuk,A"]
[Black "Morozevich,A"]
[Result "1-0"]
[WhiteElo "2795"]
[BlackElo "2724"]

1.d4 d5 2.c4 c6 3.Nf3 Nf6 4.Nc3 a6 5.g3 dxc4 6.a4 c5 7.d5 e6 8.e4 exd5 9.e5 Nfd7
10.Qxd5 Be7 11.Bxc4 O-O 12.O-O Nc6 13.Qe4 Kh8 14.Rd1 Qe8 15.Bf4 f5 16.Qe3 Nb6
17.Bb3 c4 18.Ba2 Bd8 19.h4 Be6 20.Ng5 Bg8 21.Bb1 Nd7 22.e6 Bxg5 23.hxg5 Qxe6
24.Qxe6 Bxe6 25.Nd5 Nde5 26.Nc7 Rae8 27.Nxe8 Rxe8 28.Ra3 Kg8 29.Re3 Ng4 30.Ree1 h6
31.Bxf5 Bxf5 32.Rxe8+ Kf7 33.Ree1 hxg5 34.Bxg5 Nge5 35.Kg2 Bg4 36.Bf4 Bf3+
37.Kf1 Bxd1 38.Rxd1 Nd3 39.Rd2 Ke6 40.Be3 Kd5 41.Ke2 Nb4 42.Rd1 b5 43.axb5 axb5
44.Bd2 Nc6 45.Bc3 g5 46.Rxd3+ cxd3+ 47.Kxd3 g4 48.Ke3 b4 49.Bh8 Ne7 50.Bf6 Nf5+
51.Kf4 Nd6 52.Be7 Ne4 53.Bxb4 Nxf2 54.Bc3 Kc4 55.Kf5 Kd3 56.Be5 Kc4 57.Bg7 Kb3
58.Kf4 Kc4 59.Bh8 Kb3 60.Bd4 Nd3+ 61.Kxg4 Kc4 62.Bh8 Kd5 63.Kf5 Nc5 64.g4 Ne4
65.g5 Nd6+ 66.Kg6 Ke6 67.b4 Ke7 68.Bd4 Ke6 69.Bc5 Nf5 70.b5 Nh4+ 71.Kh5 Nf3
72.b6 Ne5 73.b7  1-0

[Event "3rd Norway Chess 2015"]
[Site "Stavanger NOR"]
[Date "2015.06.22"]
[Round "6.3"]
[White "Grischuk,A"]
[Black "Topalov,V"]
[Result "0-1"]
[WhiteElo "2781"]
[BlackElo "2798"]

1.d4 Nf6 2.c4 e6 3.Nc3 Bb4 4.f3 c5 5.d5 O-O 6.e4 d6 7.Ne2 b5 8.Nf4 exd5 9.cxd5 a6
10.Be2 Nbd7 11.O-O c4 12.Be3 Bc5 13.Bxc5 Nxc5 14.b4 cxb3 15.axb3 b4 16.Nb5 Qb6
17.Kh1 g5 18.Qd4 Ncd7 19.Qxb6 Nxb6 20.Nc7 Ra7 21.Nb5 Re7 22.Nxd6 gxf4 23.Bxa6 Rd8
24.Bxc8 Rxd6 25.Bf5 Nbd7 26.g3 fxg3 27.Rg1 Kf8 28.Rxg3 Nc5 29.Bh3 Re8 30.Rb1 Nh5
31.Rg5 Nf4 32.Bf1 Ra8 33.Bc4 Ra2 34.Rg4 Rh6 35.h4 Nfd3 36.Rg2 Rxh4+ 37.Kg1 Ra7
38.d6 Rh6 39.Rh2 Rxd6  0-1